000 00770nam a2200217 i 4500
001 188971
003 ES-MaACL
005 20250824203228.0
007 t|
008 190307s1966 sp ||||1| spa d
100 0 _aSraffa, Piero.
_9107828
245 1 0 _aProducción de mercancias por medio de mercancias :
_bpreludio a una crítica de la Teoría económica /
_c[versión de Luis Angel Rojo Duque].
260 _aVilassar de Mar :
_bOikos-Tau,
_c[1966]
300 _a137 p. ;
_c21 cm.
490 1 _aColección "Libros de Economía Oikos" ;
_v9
650 0 7 _aEconomía
_2embne
_912006
700 1 _aRojo, Luis Ángel
_999096
830 0 0 _aColección "Libros de economía Oikos"
_v9
_9187436
852 _aES-MaACL
_jP-522-Ter-9
999 _c188971
_d188971